Sports Quiz

Random Sports Quiz

Sochi 2014 Speed Skating top 10 Quiz Stats

 Plays Quiz not verified by Sporcle

Support Sporcle.
Go Orange.
Score 0/116 Timer 15:00
0 Plays Today
Hint Answer % Correct
5000 MenSven Kramer
99%
10000 MenSven Kramer
99%
500 MenMichel Mulder
97.4%
500 MenRonald Mulder
97.4%
1000 MenMichel Mulder
97.4%
1000 WomenIreen Wust
97.4%
1500 WomenIreen Wust
97.4%
3000 WomenIreen Wust
97.4%
5000 WomenIreen Wust
97.4%
5000 MenJorrit Bergsma
95.4%
10000 MenJorrit Bergsma
95.4%
10000 MenSeung Hoon Lee
94.4%
500 WomenSang Hwa Lee
94.4%
3000 WomenMartina Sablikova
93.8%
5000 WomenMartina Sablikova
93.8%
Team Pursuit MenNetherlands
92.8%
Team Pursuit WomenNetherlands
92.8%
500 MenJan Smeekens
90.3%
10000 MenBob de Jong
89.2%
3000 WomenAntoinette de Jong
87.7%
1000 MenKoen Verweij
87.2%
1500 MenKoen Verweij
87.2%
Team Pursuit MenSouth Korea
87.2%
Team Pursuit WomenSouth Korea
87.2%
Team Pursuit WomenJapan
86.7%
Team Pursuit MenCanada
86.2%
Team Pursuit WomenCanada
86.2%
1000 MenStefan Groothuis
85.6%
Team Pursuit MenUnited States
85.6%
Team Pursuit WomenUnited States
85.6%
5000 MenJan Blokhuijsen
80.5%
Team Pursuit MenPoland
80.5%
Team Pursuit MenNorway
80.5%
Team Pursuit WomenPoland
80.5%
Team Pursuit WomenNorway
80.5%
500 MenTae Bum Mo
80%
1500 WomenJorien Ter Mors
79.5%
1000 MenShani Davis
79%
Team Pursuit MenRussia
79%
Hint Answer % Correct
Team Pursuit WomenRussia
79%
1500 MenHavard Bokko
77.9%
5000 MenHavard Bokko
77.9%
1500 MenZbigniew Brodka
77.4%
500 WomenMargot Boer
77.4%
1000 WomenMargot Boer
77.4%
1500 MenSverre Lunde Pedersen
73.3%
5000 MenSverre Lunde Pedersen
73.3%
1500 MenBart Swings
70.8%
5000 MenBart Swings
70.8%
10000 MenBart Swings
70.8%
1000 MenDenny Morrison
69.2%
1500 MenDenny Morrison
69.2%
1000 WomenMarrit Leenstra
69.2%
1500 WomenMarrit Leenstra
69.2%
500 WomenHeather Richardson
68.2%
1000 WomenHeather Richardson
68.2%
1500 WomenHeather Richardson
68.2%
5000 WomenCarien Kleibeuker
66.2%
500 WomenHong Zhang
65.1%
1000 WomenHong Zhang
65.1%
1500 MenDenis Yuskov
64.6%
5000 MenDenis Yuskov
64.6%
1000 WomenBrittany Bowe
64.6%
1000 MenMark Tuitert
63.6%
1500 MenMark Tuitert
63.6%
3000 WomenClaudia Pechstein
60.5%
5000 WomenClaudia Pechstein
60.5%
1000 WomenLotte van Beek
57.9%
1500 WomenLotte van Beek
57.9%
Team Pursuit MenFrance
54.9%
500 MenJoji Kato
52.3%
500 WomenNao Kodaira
52.3%
3000 WomenOlga Graf
50.3%
5000 WomenOlga Graf
50.3%
500 MenNico Ihle
49.2%
1000 MenNico Ihle
49.2%
5000 MenIvan Skobrev
48.7%
500 WomenBeixing Wang
48.2%
Hint Answer % Correct
1000 WomenChristine Nesbitt
48.2%
500 WomenOlga Fatkulina
47.7%
500 WomenJenny Wolf
47.7%
1000 WomenOlga Fatkulina
47.7%
1500 WomenOlga Fatkulina
47.7%
5000 MenPatrick Beckert
45.6%
10000 MenPatrick Beckert
45.6%
5000 WomenStephanie Beckert
45.1%
500 MenKeiichiro Nagashima
34.4%
1000 MenDenis Kuzin
30.8%
1500 MenDenis Kuzin
30.8%
3000 WomenAnnouk van der Weijden
30.8%
5000 WomenYvonne Nauta
29.7%
500 WomenKarolina Erbanova
29.2%
1000 WomenKarolina Erbanova
29.2%
3000 WomenIda Njatun
26.7%
500 MenArtur Was
24.6%
1000 MenSamuel Schwarz
24.6%
5000 MenMoritz Geisreiter
22.6%
10000 MenMoritz Geisreiter
22.6%
1000 MenBrian Hansen
21.5%
1500 MenBrian Hansen
21.5%
500 MenGilmore Junio
20%
1500 WomenYekaterina Shikhova
20%
10000 MenShane Dobbin
18.5%
1500 WomenKatarzyna Bachleda- Curus
18.5%
1500 WomenYuliya Skokova
17.4%
3000 WomenYuliya Skokoca
17.4%
1500 WomenYekaterina Lobysheva
14.4%
500 MenRoman Krech
10.3%
500 WomenMaki Tsuji
10.3%
5000 WomenMari Hemmer
9.2%
10000 MenEmery Lehman
8.7%
3000 WomenJilleanne Rookard
8.7%
3000 WomenShiho Ishizawa
5.1%
5000 WomenShoko Fujimura
3.1%
10000 MenYevgeny Seryayev
2.1%
5000 WomenAnna Chernova
2.1%

You're not logged in!

Compare scores with friends on all Sporcle quizzes.
OR
Log In

From the Vault

3-D Literature

by samc67

Dostoevsky has to be the Kyrgyzstan of literature.
Remove Ads.
Support Sporcle.
Get the best of Sporcle when you Go Orange. This ad-free experience offers more features, more stats, and more fun while also helping to support Sporcle. Thank you for becoming a member.

Show Comments

Extras

Top Quizzes Today


Score Distribution

Your Account Isn't Verified!

In order to create a playlist on Sporcle, you need to verify the email address you used during registration. Go to your Sporcle Settings to finish the process.

Report this User

Report this user for behavior that violates our Community Guidelines.

Details: